Loading...
History - World History | 0 | 5 | 0 | 1 | 50 | 76 | 112.80 | 0 | 5 |
0 | 4 | 1 | 1 | 35 | 101 | 113.75 | 0 | 4 | |
History - American History | 2 | 1 | 1 | 0 | 35 | 38 | 59.33 | 2 | 3 |
History - European History | 0 | 4 | 1 | 0 | 35 | 84 | 101.25 | 2 | 4 |
Other Arts: Visual | 0 | 2 | 0 | 0 | 20 | 121 | 124.50 | 1 | 2 |
Other Academic | 0 | 1 | 0 | 0 | 10 | 81 | 81.00 | 0 | 1 |
Fine Arts - Visual Fine Arts | 0 | 1 | 0 | 1 | 10 | 136 | 136.00 | 0 | 1 |
Fine Arts - Auditory Fine Arts | 0 | 1 | 0 | 0 | 10 | 123 | 123.00 | 0 | 1 |
Other Arts: Auditory | 0 | 1 | 0 | 1 | 10 | 139 | 139.00 | 0 | 1 |
Philosophy | 1 | 0 | 1 | 0 | 10 | 40 | 40.00 | 1 | 1 |
Geography | 0 | 1 | 1 | 1 | 5 | 142 | 142.00 | 0 | 1 |
Science - Biology | 0 | 0 | 0 | 0 | 0 | 0.00 | 0 | 0 |